00566pam a2200193 i 4500001000800000005001700008008004100025010001700066020001500083040001800098041000800116060001600124080001600140082001600156100000600172101000800178245015600186504003000342224827120180810034652.0771011s1978 mdua b 001 0 eng  a 77020171  a0683021036 aDLCcDLCdDLC aeng aWG141 C774r a616.120757200a616.12075721 a6 arad10aRadiology of the heart and great vessels /cby Robert N. Cooley and Melvyn H. Schreiber ; with a section on coronary arteriography by Luis B. Morettin. aBibliography: p. 634-668.